00461nam a2200109Ia 4500008004100000020001800041100005700059245014400116260002700260650001200287856005200299171212s9999 xx 000 0 und d a9780833085153 aRiposo, Jessie;McKernan, Megan;Duran, Chelsea Kaihoi cRiposo, Jessie;McKernan, Megan;Duran, Chelsea KaihoiaProlonged Cycle Times and Schedule Growth in Defense AcquisitionbA Literature Review bRAND Corporationc2014 aHistory uhttp://www.jstor.org/stable/10.7249/j.ctt6wq8tq